000
00252nam a2200109Ia 4500
008
220204s9999 xx 000 0 und d
082
_a
82-3LAW
_b
LAW
100
_a
D H
245
0
_a
Sons and lovers etc
260
_a
London
_b
Heinemann
_c
1976
942
_c
BK
999
_c
27293
_d
27293